|
|
|
|
| LEADER |
02668njm a2200613 a 4500 |
| 001 |
000416558 |
| 003 |
CZ BrMZK |
| 005 |
19990305143423.0 |
| 008 |
990305s1999 xr f cze d |
| 028 |
0 |
3 |
|a SU 3418-2 031
|b Supraphon
|
| 040 |
|
|
|a BOA001
|b cze
|
| 080 |
|
|
|a 787.1.087.2(086.7)
|2 MRF
|
| 100 |
1 |
|
|a Demeterová, Gabriela,
|d 1971-
|7 jn19990209137
|4 prf
|
| 245 |
1 |
0 |
|a Kouzelné housle
|h [zvukový záznam] /
|c Gabriela Demeterová.
|
| 246 |
3 |
3 |
|a Ó Rose Mary, ó báje z operety Rose Mary
|
| 246 |
3 |
3 |
|a Air z Orchestrální suity D dur, BWV 1068
|
| 246 |
3 |
3 |
|a Arioso
|
| 246 |
3 |
3 |
|a Indiánská píseň lásky z operety Rose Mary
|
| 246 |
3 |
3 |
|a Když mě stará matka z Gigánských melodií, op. 55
|
| 246 |
3 |
3 |
|a Krásný večer
|
| 246 |
3 |
3 |
|a Lascia ch'io pianga
|
| 246 |
3 |
3 |
|a Pavana za mrtvou infantku
|
| 246 |
3 |
3 |
|a Pavana, op. 50
|
| 246 |
3 |
3 |
|a Poem ze selanky V podvečer, op. 39
|
| 246 |
3 |
3 |
|a Povídky z Vídeňského lesa, op. 325
|
| 246 |
3 |
3 |
|a Probuzení ze sna ze Tří písní, op. 7
|
| 246 |
3 |
3 |
|a Píseň lásky, op. 7, č. 1
|
| 246 |
3 |
3 |
|a Vzpomínka na Zbiroh
|
| 260 |
|
|
|a Praha :
|b Supraphon,
|c p1999
|
| 300 |
|
|
|a 1 CD :
|b stereo, DDD ;
|c 12 cm +
|e 1 složený list.
|
| 306 |
|
|
|a 005836
|
| 500 |
|
|
|a Durata 54:36
|
| 500 |
|
|
|a Nahr. 1999
|
| 505 |
2 |
|
|a Poem ze selanky V podvečer, op. 39, Vzpomínka na Zbiroh, Pavana za mrtvou infantku ... [et al.]
|
| 511 |
0 |
|
|a Tereza Mátlová, soprán; Jana Boušková, harfa. Collegium českých filharmoniků. dir. Jan Chalupecký
|
| 653 |
0 |
|
|a housle
|a houslové charakteristické skladby
|a operní árie
|a soprán
|
| 700 |
1 |
|
|a Suk, Josef,
|d 1874-1935
|7 jn19990009999
|4 cmp
|
| 700 |
1 |
|
|a Vačkář, Václav,
|d 1881-1954
|7 jk01141075
|4 cmp
|
| 700 |
1 |
|
|a Bach, Johann Sebastian,
|d 1685-1750
|7 jn19990000367
|4 cmp
|
| 700 |
1 |
|
|a Boušková, Jana,
|d 1970-
|7 jn20000400237
|4 prf
|
| 700 |
1 |
|
|a Debussy, Claude,
|d 1862-1918
|7 jn19990001672
|4 cmp
|
| 700 |
1 |
|
|a Dvořák, Antonín,
|d 1841-1904
|7 jn19981000826
|4 cmp
|
| 700 |
1 |
|
|a Fauré, Gabriel,
|d 1845-1924
|7 jn19990002188
|4 cmp
|
| 700 |
1 |
|
|a Fibich, Zdeněk,
|d 1850-1900
|7 jk01031059
|4 cmp
|
| 700 |
1 |
|
|a Friml, Rudolf,
|d 1879-1972
|7 jn19981001253
|4 cmp
|
| 700 |
1 |
|
|a Händel, Georg Friedrich,
|d 1685-1759
|7 jn19990003280
|4 cmp
|
| 700 |
1 |
|
|a Mátlová, Gabriela
|4 prf
|
| 700 |
1 |
|
|a Ravel, Maurice,
|d 1875-1937
|7 jn19990006862
|4 cmp
|
| 700 |
1 |
|
|a Strauss, Johann,
|d 1825-1899
|7 jn19990008309
|4 cmp
|
| 710 |
2 |
|
|a Collegium Českých filharmoniků
|7 kn20030215118
|4 prf
|
| 910 |
|
|
|a BOA001
|b CD-0007.537
|
| 964 |
|
|
|a Housle a orchestr
|x CD
|
| 990 |
|
|
|a AV
|
| 996 |
6 |
|
|b 261H008061
|c CD-0007.537
|l MZK
|r Sklad / do 24 hodin
|n 0
|p p.v.
|w 000416558
|u 000010
|a 1
|e BOA001
|j MZK50
|s P
|